000 01528nam a2200241Ia 4500
008 0000002002 usad 0000000000eng00
020 _a897972309
090 _aPUS00 G76r2
100 1 _aGrooms, Red
_d1937
245 1 0 _aRed Grooms
_b: recent works
300 _a47 p.
_c/ 29 cm.
500 _aExposición realizada en Marlborough, New York, febrero 6 a marzo 9 de 2002 \ Incluye cronología del artista \ Registro auspiciado por la FGAA. Bogotá
505 _aOBRAS : Jumbo. Jazz ce Soir. Tribeca night. Allman brothers band Jammin' at the Beacon. Bubble gum. Swimmin' hole. In the paint. Do I hear twenty eight millioñ Music and art. Your turn. Red, white and brown. Loop the loop. Brooklyn bridge by night. Ferry landing. Looking down broadway towards the Woolworth Building. Madame Rosa. Study for subway girders. Hamburger deluXe. Double scoop. Pretzel break. Duck to go. In the navy. The shield. Study for Tennesse Waltz. Hound dog village. Tennessee S. curve. In a Raccoons' Moon. Woody the pecker. Sumo summit. Bargaining in Morocco. Filming the African Queen. A visit to Fez. Big top (detail)
600 0 0 _aGROOMS, RED, 1937/
_xTRABAJOS PICTORICOS
650 1 4 _aARTE CONTEMPORANEO ESTADOUNIDENSE
650 1 4 _aARTE POP ESTADOUNIDENSE
650 1 4 _aARTISTAS PLASTICOS ESTADOUNIDENSES
650 1 4 _xCATALOGOS
650 1 4 _xEXPOSICIONES
650 1 4 _aPINTORES ESTADOUNIDENSES
650 1 4 _aPINTURA ESTADOUNIDENSE
999 _c10509
_d10509
260 _aNew York : Marlborough
_c2002